Objetivos, metas, recomendaciones del Plan Nacional de Educación Superior II, planes 1981-1985, OPES-13 /
Պահպանված է:
| Համատեղ հեղինակ: | |
|---|---|
| Ձևաչափ: | Տեքստ |
| Հրապարակվել է: |
San José, Costa Rica:
OPES
|
| Խորագրեր: | |
| Ցուցիչներ: |
Ավելացրեք ցուցիչ
Չկան պիտակներ, Եղեք առաջինը, ով նշում է այս գրառումը!
|
MARC
| LEADER | 00000 a a2200000 04500 | ||
|---|---|---|---|
| 001 | 46189 | ||
| 003 | |||
| 040 | |||
| 020 | |a 1409-2964 | ||
| 090 | |a REV0801 (5)1981 | ||
| 110 | |a Consejo Nacional de Rectores | ||
| 245 | |a Objetivos, metas, recomendaciones del Plan Nacional de Educación Superior II, planes 1981-1985, OPES-13 / |c Consejo Nacional de Rectores | ||
| 260 | |a San José, Costa Rica: |b OPES | ||
| 650 | |a UNIVERSIDADES | ||
| 650 | |a PLAN | ||
| 650 | |a COSTA RICA | ||
| 650 | |a RECOMENDACIONES | ||
| 773 | |g número5 (agosto , 1981), 42 páginas | ||
| 999 | |c 23851 |d 23851 | ||
